Представление документа в формате RUSMARC

ПолеНазваниеЗначение
  Тип записи a
  Библиографический уровень a
001 Контрольный номер RU/CBS_UL/BASE/8d4c2b24b3c74174a1ed4471b9975dbd
005 Дата корректировки 20250124034031.1
100 Данные общей обработки __
a Данные общей обработки 20240222 ||| 0rusy0189 ca
101 Язык документа 0_
a Язык текста rus
102 Страна публикации __
a Страна публикации RU
200 Заглавие и сведения об ответственности 1_
a Заглавие Подведены итоги XXVI Межрегиональной олимпиады школьников по родному (мокшанскому, эрзянскому) языку и родной (мордовской) литературе
e Сведения, относящиеся к заглавию [статья]
300 Общие примечания __
a Общие примечания 16+
461 Уровень набора _0
1 2000
a Ялгат
463 Уровень физической единицы _0
1 2000
a № 4 (16 фев.)
v С. 1 : фото
1 2101
d 2024
1 001RU/CBS_UL/BASE/bc7b3524889a4fbb88545f91925520c6
606 Тематические рубрики 0_
a Основная рубрика Олимпиада
y Географическая подрубрика Саранск, город (Мордовия)
610 Ключевые слова 0_
a Ключевые слова олимпиады
610 Ключевые слова 0_
a Ключевые слова олимпиады школьные
610 Ключевые слова 0_
a Ключевые слова родные языки
610 Ключевые слова 0_
a Ключевые слова мордовский язык
610 Ключевые слова 0_
a Ключевые слова эрзянский язык
610 Ключевые слова 0_
a Ключевые слова родная литература
610 Ключевые слова 0_
a Ключевые слова мордовская литература
686 Индексы других классификаций __
2 Код системы rubbk
a Классификационный индекс 74.200.58
801 Источник записи _0
a Страна RU
b Организация МБУК ЦБС г. Ульяновска
c Дата составления 20240222
g Правила каталогизации RCR
801 Источник записи _1
a Страна RU
b Организация МБУК ЦБС г. Ульяновска
c Дата составления 20240222
g Правила каталогизации RCR
901 Тип документа __
t Тип документа f
w Контрольный № источника RU/CBS_UL/BASE/bc7b3524889a4fbb88545f91925520c6
909 Создатель записи __
a Создатель записи lib17